Capillas de visita agustinas en Michoacán : 1537-1770 /

Análisis de las características físicas y arquitectónicas de las capillas de visita que fueron edificadas en Michoacán entre los siglos XVI y XVIII, y que sirvieron como centro evangelizador, a donde acudían los frailes agustinos a celebrar misa y a efectuar los múltiples servicios religiosos requer...

ver descrição completa

Na minha lista:
Detalhes bibliográficos
Autor principal: Zambrano González, María de los Angeles (autor)
Formato: Livro
Idioma:espanhol
Publicado em: Morelia, México : Universidad Michoacana de San Nicolás de Hidalgo, Facultad de Arquitectura : Morevallado, 1999, c1999
Assuntos:
Tags: Adicionar Tag
Sem tags, seja o primeiro a adicionar uma tag!

MARC

LEADER 00000nam^a2200000^a^4500
001 000174703
005 20250521000000.0
009 20260310101539.914
020 |a 970-9056-25-5 
037 |a Acervo ITESO - Biblioteca 
041 |a ESP 
082 |a 720. 9723703  |b ZAM 
100 |a Zambrano González, María de los Angeles  |e (autor) 
245 1 0 |a Capillas de visita agustinas en Michoacán :  |b 1537-1770 /  |c M.A. Zambrano González ; pról. de Antonio Zermeño Abascal. 
264 4 |a Morelia, México :  |b Universidad Michoacana de San Nicolás de Hidalgo, Facultad de Arquitectura :  |b Morevallado,  |c 1999, c1999 
300 |a 277, [4] p. 
336 |a texto  |b txt  |2 rdacontenido 
337 |a sin mediación  |b n  |2 rdamedio 
338 |a volumen  |b nc  |2 rdasoporte 
520 |a Análisis de las características físicas y arquitectónicas de las capillas de visita que fueron edificadas en Michoacán entre los siglos XVI y XVIII, y que sirvieron como centro evangelizador, a donde acudían los frailes agustinos a celebrar misa y a efectuar los múltiples servicios religiosos requeridos en los sitios alejados de las grandes iglesias o templos conventuales. Se abordan los datos históricos, tipología arquitectónica, diseño, traza, construcción, origen de las intervenciones realizadas a lo largo de su historia, características de sus elementos constructivos; incluye los planos de de sus plantas arquitectónicas, con medidas. 
649 |a XX 
650 |a Agustinos en Michoacán -  |x Historia -  |y Epoca Colonial, 1517-1821 
650 |a Agustinos en México -  |x Historia -  |y Epoca Colonial, 1517-1821 
650 |a Ermitaños en Michoacán -  |x Historia -  |y Epoca Colonial, 1517-1821 
650 |a Ermitaños en México -  |x Historia -  |y Epoca Colonial, 1517-1821 
650 |a Monasticismo y Ordenes Religiosas -  |z Michoacán -  |x Historia -  |y Epoca Colonial, 1517-1821 
650 |a Monasticismo y Ordenes Religiosas -  |z México -  |x Historia -  |y Epoca Colonial, 1517-1821 
650 |a Catolicismo -  |z Michoacán -  |x Historia -  |y Epoca Colonial, 1517-1821 
650 |a Catolicismo -  |z México -  |x Historia -  |y Epoca Colonial, 1517-1821 
650 |a Capillas -  |z Michoacán 
650 |a Capillas -  |z México 
650 |a Conventos y Monasterios -  |z Michoacán 
650 |a Conventos y Monasterios -  |z México 
650 |a Templos Cristianos -  |z Michoacán 
650 |a Templos Cristianos -  |z México 
650 |a Arquitectura Religiosa -  |z Michoacán 
650 |a Arquitectura Religiosa -  |z México 
650 |a Arquitectura Religiosa -  |x Historia y Crítica 
650 |a Arquitectura Barroca -  |z Michoacán 
650 |a Arquitectura Barroca -  |z México 
650 |a Arquitectura Barroca -  |x Historia y Crítica 
650 |a Arquitectura Virreinal -  |z Michoacán 
650 |a Arquitectura Virreinal -  |x Historia y Crítica 
650 |a Arquitectura Mexicana -  |x Historia y Crítica 
650 |a Arte Religioso -  |z Michoacán 
650 |a Arte Religioso -  |z México 
650 |a Arte Religioso -  |x Historia y Crítica 
650 |a Arte Barroco -  |z Michoacán 
650 |a Arte Barroco -  |z México 
650 |a Arte Barroco -  |x Historia y Crítica 
650 |a Arte Virreinal -  |z Michoacán 
650 |a Arte Virreinal -  |x Historia y Crítica 
650 |a Arte Mexicano -  |x Historia y Crítica 
650 |a Michoacán -  |x Historia 
650 |a México -  |x Historia 
650 |a Michoacán -  |x Descripción 
650 |a México -  |x Descripción 
910 |a Fondo General 
920 |a Impresos - Libros 
930 |a Reserva Especial 
905 |a 103 
901 |a 0500112445  |b IT1  |c REE  |u 20250521 
902 |a https://opac.biblio.iteso.mx/vufind/Record/000174703